Geophysics in engineering investigations (Record no. 102257)
[ view plain ]
| 000 -LEADER | |
|---|---|
| fixed length control field | 01009cam a2200325 4500 |
| 008 - FIXED-LENGTH DATA ELEMENTS--GENERAL INFORMATION | |
| fixed length control field | 020731n2002 000 0 eng u |
| 020 ## - INTERNATIONAL STANDARD BOOK NUMBER | |
| International Standard Book Number | 0860175626 |
| 035 ## - SYSTEM CONTROL NUMBER | |
| System control number | (Sirsi) u119118 |
| 050 ## - LIBRARY OF CONGRESS CALL NUMBER | |
| Classification number | 622.15 |
| 100 ## - MAIN ENTRY--PERSONAL NAME | |
| Personal name | McDowell, P. |
| 245 ## - TITLE STATEMENT | |
| Title | Geophysics in engineering investigations |
| 260 ## - PUBLICATION, DISTRIBUTION, ETC. | |
| Place of publication, distribution, etc. | London |
| Name of publisher, distributor, etc. | CIRIA |
| -- | Geological Society |
| Date of publication, distribution, etc. | 2002 |
| 300 ## - PHYSICAL DESCRIPTION | |
| Extent | 252p. |
| Other physical details | ill. |
| Dimensions | 30cm. |
| 350 ## - PRICE (NR) (BK AM CF MU VM SE) [OBSOLETE] | |
| Price | 70 |
| 490 ## - SERIES STATEMENT | |
| Series statement | CIRIA Publication |
| Volume/sequential designation | C562 |
| 490 ## - SERIES STATEMENT | |
| Series statement | Geological Society Engineering Geology Special Publication |
| 520 ## - SUMMARY, ETC. | |
| Summary, etc. | Presents a logical guide to site characterisation using geophysical methods. Considers the procurement, management and reporting frameworks for such projects |
| 650 ## - SUBJECT ADDED ENTRY--TOPICAL TERM | |
| Topical term or geographic name entry element | GEOPHYSICS |
| 650 ## - SUBJECT ADDED ENTRY--TOPICAL TERM | |
| Topical term or geographic name entry element | SITE INVESTIGATION |
| 690 ## - LOCAL SUBJECT ADDED ENTRY--TOPICAL TERM (OCLC, RLIN) | |
| Topical term or geographic name as entry element | GEOMATICS |
| 9 (RLIN) | 6242 |
| 700 ## - ADDED ENTRY--PERSONAL NAME | |
| Personal name | Barker, R. |
| 700 ## - ADDED ENTRY--PERSONAL NAME | |
| Personal name | Butcher, A. |
| 700 ## - ADDED ENTRY--PERSONAL NAME | |
| Personal name | Culshaw, M. |
| 700 ## - ADDED ENTRY--PERSONAL NAME | |
| Personal name | Jackson, P. |
| 700 ## - ADDED ENTRY--PERSONAL NAME | |
| Personal name | McCann, D. |
| 700 ## - ADDED ENTRY--PERSONAL NAME | |
| Personal name | Skipp, B. |
| 700 ## - ADDED ENTRY--PERSONAL NAME | |
| Personal name | Matthews, S. |
| 700 ## - ADDED ENTRY--PERSONAL NAME | |
| Personal name | Arthur, J. |
| 942 ## - ADDED ENTRY ELEMENTS (KOHA) | |
| Suppress in OPAC | 0 |
| Withdrawn status | Lost status | Source of classification or shelving scheme | Damaged status | Not for loan | Home library | Current library | Shelving location | Date acquired | Total Checkouts | Full call number | Barcode | Date last seen | Copy number | Price effective from | Koha item type |
|---|---|---|---|---|---|---|---|---|---|---|---|---|---|---|---|
| Dewey Decimal Classification | London | London | Folio | 31/07/2002 | F622.15 MCD | 30066373 | 06/08/2019 | 1 | 06/08/2019 | Book |